000 00632nam a2200205Ii 4500
003 JO-AjNU
008 230605s9999||||xx |||||||||||||| ||und||
017 _a2012/6/2054
040 _aJO-AjNU
_bara
_erda
_cJO-AjNU
041 _aara
050 1 4 _aPJ7964.A7824.W335 2012
100 3 _aالطراونة، أحمد,
_eauthor
_948404
245 0 0 _aوادي الصفصافة
264 3 1 _aعمان:دار يافا العلمية، 2012
300 _a224ص
336 _atext
_btxt
_2rdacontent
337 _aunmediated
_bn
_2rdamedia
338 _avolume
_bnc
_2rdacarrier
650 4 _aالأدب العربي - روايات
_948405
999 _aA21195
_c24763
_d24763